UBT Library

Microbiology / (Record no. 45200)

000 -LEADER
fixed length control field 00683cam a22002294a 4500
001 - CONTROL NUMBER
control field 13692094
005 - DATE AND TIME OF LATEST TRANSACTION
control field 20180316043354.0
008 - FIXED-LENGTH DATA ELEMENTS--GENERAL INFORMATION
fixed length control field 040819s2006 caua 001 0 eng
010 ## - LIBRARY OF CONGRESS CONTROL NUMBER
LC control number 2004051267
020 ## - INTERNATIONAL STANDARD BOOK NUMBER
International Standard Book Number 0805376933
040 ## - CATALOGING SOURCE
Original cataloging agency DLC
Transcribing agency DLC
Modifying agency DLC
041 ## - LANGUAGE CODE
Language code of text/sound track or separate title eng
042 ## - AUTHENTICATION CODE
Authentication code pcc
080 ## - UNIVERSAL DECIMAL CLASSIFICATION NUMBER
Universal Decimal Classification number 579 BAU
082 00 - DEWEY DECIMAL CLASSIFICATION NUMBER
Classification number 579 BAU
Edition number 22
100 1# - Rafti
Rafti 11
101 ## - Shkurtesa
Shkurtesa MIK
245 10 - TITLE STATEMENT
Title Microbiology /
Statement of responsibility, etc Robert W. Bauman ; contributions by Elizabeth Machunis-Masuoka, Ian Tizard.
906 ## - LOCAL DATA ELEMENT F, LDF (RLIN)
a 7
b cbc
c orignew
d 1
e ocip
f 20
g y-gencatlg
942 ## - ADDED ENTRY ELEMENTS (KOHA)
Source of classification or shelving scheme
Item type Books
Holdings
Withdrawn status Lost status Source of classification or shelving scheme Damaged status Not for loan Collection code Permanent location Current location Shelving location Date acquired Total Checkouts Full call number Barcode Date last seen Price effective from Koha item type
          Koleksioni i përgjithshem UBT - Lipjan UBT - Lipjan Koleksioni i përgjithshem 03/16/2018   579 BAU 002-3001630 03/16/2018 03/16/2018 Books
UBT Library © 2015-2024. All rights reserved University Education for Business and Technology